Obligations and contracts : law and applications for business students / (Record no. 3016)

MARC details
000 -LEADER
fixed length control field 00686nam a2200217 4500
003 - CONTROL NUMBER IDENTIFIER
control field OSt
005 - DATE AND TIME OF LATEST TRANSACTION
control field 20240731043748.0
008 - FIXED-LENGTH DATA ELEMENTS--GENERAL INFORMATION
fixed length control field 240731b |||||||| |||| 00| 0 eng d
020 ## - INTERNATIONAL STANDARD BOOK NUMBER
International Standard Book Number 9710489824
040 ## - CATALOGING SOURCE
Original cataloging agency DWCL-Main lib.
Transcribing agency OC
082 ## - DEWEY DECIMAL CLASSIFICATION NUMBER
Edition number 2011 edition
Classification number Fil. 346.022 S714o 2011
006 - FIXED-LENGTH DATA ELEMENTS--ADDITIONAL MATERIAL CHARACTERISTICS
fixed length control field a
100 ## - MAIN ENTRY--PERSONAL NAME
Personal name Soriano, Fidelito R.
245 ## - TITLE STATEMENT
Title Obligations and contracts : law and applications for business students /
250 ## - EDITION STATEMENT
Edition statement 2011 edition
260 ## - PUBLICATION, DISTRIBUTION, ETC.
Place of publication, distribution, etc. Manila :
Name of publisher, distributor, etc. GIC Enterprises & Co., Inc.,
Date of publication, distribution, etc. c2011.
300 ## - PHYSICAL DESCRIPTION
Other physical details 454 p. ;
Dimensions 22 cm.
650 ## - SUBJECT ADDED ENTRY--TOPICAL TERM
Topical term or geographic name entry element 1. Contracts (Law)-Philippines.
650 ## - SUBJECT ADDED ENTRY--TOPICAL TERM
Topical term or geographic name entry element 2. Commercial law-Philippines.
942 ## - ADDED ENTRY ELEMENTS (KOHA)
Source of classification or shelving scheme Dewey Decimal Classification
Suppress in OPAC No
Koha item type Book-Filipiniana
Edition 2011 edition
Call number prefix Fil.
Holdings
Withdrawn status Lost status Source of classification or shelving scheme Damaged status Not for loan Home library Current library Shelving location Date acquired Source of acquisition Total Checkouts Full call number Barcode Date last seen Copy number Price effective from Koha item type Uniform Resource Identifier
    Dewey Decimal Classification     College Library College Library Filipiniana 03/17/2011 School Fund   Fil. 346.022 S714o 2011 48178 07/31/2024 c1 07/31/2024 Book-Filipiniana
    Dewey Decimal Classification     College Library College Library Filipiniana 03/17/2011 School Fund   Fil. 346.022 S714o 2011 48179 07/31/2024 c2 07/31/2024 Book-Filipiniana
    Dewey Decimal Classification     College Library College Library Filipiniana 03/17/2011 School Fund   Fil. 346.022 S714o 2011 48180 07/31/2024 c3 07/31/2024 Book-Filipiniana